[Event "American Continental 17th"]
[Site "Juan Dolio"]
[Date "2023.05.15"]
[Round "1"]
[White "Barrientos Chavarriaga, Sergio E"]
[Black "Castillo Rosa, Kelvin Santiago"]
[Result "1-0"]
[WhiteElo "2479"]
[BlackElo "2014"]
[PlyCount "39"]
[EventDate "2023.05.15"]
[EventType "swiss"]
[EventRounds "11"]
[EventCountry "DOM"]
[SourceTitle "CBM 214 Extra"]
[Source "ChessBase"]
[SourceDate "2023.07.31"]
[SourceVersion "1"]
[SourceVersionDate "2023.07.31"]
[SourceQuality "1"]

1. e4 e5 2. Nf3 Nc6 3. Bb5 a6 4. Ba4 Nf6 5. d4 exd4 6. 0-0 Bc5 7. e5 Ng4 8. h3 h5 9. hxg4 hxg4 10. Ng5 Nxe5 11. Re1 Qe7 12. Bf4 f6 13. Bxe5 fxe5 14. Qxg4 b5 15. Bb3 d5 16. Qg3 Bd6 17. Bxd5 e4 18. f4 d3 19. cxd3 Kf8 20. Nxe4 1-0

[Event "DOM-ch"]
[Site "Santo Domingo"]
[Date "2015.05.10"]
[Round "8"]
[White "Ventura Ruiz, Jonathan Leonardo"]
[Black "Castillo Rosa, Kelvin Santiago"]
[Result "1/2-1/2"]
[WhiteElo "1942"]
[BlackElo "1975"]
[PlyCount "73"]
[EventDate "2015.05.01"]
[EventType "swiss"]
[EventRounds "11"]
[EventCountry "DOM"]
[SourceTitle "CBM 166 Extra"]
[Source "ChessBase"]
[SourceDate "2015.06.18"]
[SourceVersion "1"]
[SourceVersionDate "2015.06.18"]
[SourceQuality "1"]

1. e4 Nf6 2. e5 Nd5 3. c4 Nb6 4. c5 Nd5 5. Bc4 e6 6. Nc3 Nxc3 7. bxc3 Bxc5 8. d4 Be7 9. Qg4 g6 10. Nf3 d5 11. Bd3 c5 12. 0-0 Nc6 13. Bh6 c4 14. Bc2 Bd7 15. Qf4 Qc7 16. Rab1 b6 17. a4 f5 18. Bg7 Rg8 19. Qh6 0-0-0 20. Qxh7 Rde8 21. Qh6 Qd8 22. h4 Bf8 23. Bxf8 Rexf8 24. Qf4 Qe7 25. Ra1 Rh8 26. Rfb1 Rh5 27. Ng5 Rfh8 28. g3 Nd8 29. a5 b5 30. Bd1 R5h6 31. Qc1 Nf7 32. Nxf7 Qxf7 33. Qa3 Qf8 34. Qxf8+ Rxf8 35. f4 Kc7 36. Ra2 Rb8 37. Rb4 1/2-1/2